Pensar a Foucault (Record no. 18101)

MARC details
000 -LEADER
campo de control de longitud fija 00626nam a2200205 i 4500
001 - NÚMERO DE CONTROL
campo de control 18101
003 - IDENTIFICADOR DE NÚMERO DE CONTROL
campo de control ES-MaACL
005 - FECHA Y HORA DE LA ÚLTIMA TRANSACCIÓN
campo de control 20250731202217.0
007 - CAMPO FIJO DE DESCRIPCIÓN FÍSICA--INFORMACIÓN GENERAL
campo de control de longitud fija t|
008 - DATOS DE LONGITUD FIJA--INFORMACIÓN GENERAL
campo de control de longitud fija 010822s1995 ag ||||1| spa d
020 ## - NÚMERO INTERNACIONAL ESTÁNDAR DEL LIBRO
Número Internacional Estándar del Libro 950-786-079-7
080 ## - NÚMERO DE LA CLASIFICACIÓN DECIMAL UNIVERSAL
Número de la Clasificación Decimal Universal 1 Foucault, Michel
100 1# - ENTRADA PRINCIPAL--NOMBRE DE PERSONA
Nombre de persona Castro, Edgardo.
9 (RLIN) 36844
245 10 - MENCIÓN DEL TÍTULO
Título Pensar a Foucault
Resto del título : interrogantes filosóficos de "La arqueología del saber" /
Mención de responsabilidad, etc. Edgardo Castro.
260 ## - PUBLICACIÓN, DISTRIBUCIÓN, ETC.
Lugar de publicación, distribución, etc. Buenos Aires :
Nombre del editor, distribuidor, etc. Biblos,
Fecha de publicación, distribución, etc. [1995]
300 ## - DESCRIPCIÓN FÍSICA
Extensión 251 p. ;
Dimensiones 23 cm.
600 14 - PUNTO DE ACCESO ADICIONAL DE MATERIA--NOMBRE DE PERSONA
Nombre de persona Foucault, Michel,
Fechas asociadas al nombre 1926-1984
9 (RLIN) 241486
852 ## - LOCALIZACIÓN
Ubicación ES-MaACL
Número de control de estantería L-24843
Sublocalización o colección R.130186
Holdings
Estatus retirado Estado de pérdida Estado de daño No para préstamo Biblioteca de origen Biblioteca actual Ubicación en estantería Fecha de adquisición Fuente de adquisición Total de préstamos Signatura topográfica completa Código de barras Visto por última vez Precio de reemplazo Tipo de ítem Koha
        Biblioteca del Ateneo de Madrid Biblioteca del Ateneo de Madrid Depósito 2 17/01/2008     L-24843 1018502 23/02/2023 23/02/2023 Libro impreso